000 00578nam a2200229Ia 4500
003 OSt
005 20220918200255.0
006 a|||||r|||| 00| 0
007 ta
008 220917b |||||||| |||| 00| 0 eng d
024 _a88,122
037 _cTextual
040 _aARTS
_cARTS
_beng
041 _2eng
_aeng
082 _aU1, K6
100 _aCotter Charles H
_993376
245 0 _aAstronomical and mathematical foundations of geography
260 _c1966
650 _aGEOGRAPHY
942 _hU1, K6
_cTEXL
_2CC
999 _c211812
_d211812